000 00776nas a2200241 4500
001 BR9501830
003 BR-BrBNA
005 20231205093943.0
007 ta
008 230509b bl.|||p| |||| 00| 00por d
040 _aBR-BrBNA
_bpor
_cBiblioteca Nacional de Agricultura
041 _a(Pt)
072 _aM11; E20
100 1 _aHaimovici, M.
245 1 _aVariacao dia-noite nas capturas e descartes de corvina, pescada, pescadinha e castanha (Sciaenidae, Teleostei)na pesca de arrasto no sul do Brasil
650 _aCorvina
650 _aPescada Foguete
650 _aChora-Chora
650 _aRede de Arrasto
773 0 _tAtlantica (Brazil)
_xISSN 0102-1656
_g(1993), v. 15 p. 5-16
_wBR9501830
909 _a202311
_bLúcia
_c55
_dLúcia Elande
942 _2AGRIS
_n0
_cANA
999 _c141274
_d141274